000 00555nam a2200229 a 4500
001 nice12345678
003 IN_TiNIC
005 20260116011904.0
008 070718s1951 mada grp 000 0 tam
020 _a
_c100
082 0 0 _a297.24
_bHAZ
100 _aHazool,
245 _aQisasul Ambiya Part I, II, III, in Tamil
260 _aMadras
_bHameedia Press
_c1951
300 _a646p
500 _aincludes index and biblioraphy
650 _aProphets in the Quran
700 1 _aHazool,
902 _bRBA
942 _cBK
999 _c4731
_d4731